000
00435nam a2200157Ia 4500
008
100122s9999 xx 000 0 und d
082
_b
5749
_a
823
100
_a
रणदिवे रत्नप्रभा
245
_a
छायानट
260
_b
बा.द.सातोस्कर
_c
1924
300
_a
224
630
_a
छायानट
700
_a
देसाई
730
_a
छायानट
942
_c
BOOK
999
_c
398966
_d
398963